000 00986nam a22003257a 4500
003 CHAP
005 20220329141801.0
008 971013s1983 r 00010 d
010 _a73779
011 _a74751
035 _a84310
040 _cCHAP
082 _a581.55724
_bH3
100 0 0 _aHarley, J. L.
_952747
245 _aMycorrhizal symbiosis
260 _aLondon :
_bAcademic Press,
_c1983
300 _a483 p.
_b: ilus. ; gráfs.
590 _aBATCH-UPD
_b10
_c20130110
_lUCH01
_h0502
590 _aBATCH-UPD
_b10
_c20130110
_lUCH01
_h2154
590 _aBATCH-UPD
_b10
_c20130410
_lUCH01
_h0140
590 _aBATCH-UPD
_b10
_c20130914
_lUCH01
_h1602
590 _aCONVERSION
_b10
_c20130109
_lUCH01
_h1340
650 1 4 _aMicorriza.
_975486
650 1 4 _aNitrógeno
_xFijación.
_981472
650 1 4 _aSimbiosis.
_9106148
700 0 _aSmith, S. E.
_9107126
901 _aBK
942 _cLIBRO
949 _a581.55724 H3
_bBC
_cLIBRO
_d33724000538328
_eLIBRO
_gI. 125925
_h65256
_i84310
_si
999 _c73779
_d73779